Dinosaur-long-as-127-kids / (Record no. 59848)
[ view plain ]
| 000 -LEADER | |
|---|---|
| fixed length control field | 00647nam a22001817a 4500 |
| 005 - DATE AND TIME OF LATEST TRANSACTION | |
| control field | 20111222113610.0 |
| 020 ## - INTERNATIONAL STANDARD BOOK NUMBER | |
| International Standard Book Number | 9788189934538 |
| Terms of availability | 295.00 |
| 037 ## - SOURCE OF ACQUISITION | |
| Source of stock number/acquisition | PUB |
| 100 ## - MAIN ENTRY--PERSONAL NAME | |
| Personal name | Dharmarajan, Geeta |
| 245 ## - TITLE STATEMENT | |
| Title | Dinosaur-long-as-127-kids / |
| Statement of responsibility, etc | by Geeta Dharmarajan; art by Rajiv Eipe |
| 260 ## - PUBLICATION, DISTRIBUTION, ETC. (IMPRINT) | |
| Place of publication, distribution, etc | New Delhi |
| Name of publisher, distributor, etc | Katha |
| Date of publication, distribution, etc | 2010 |
| 270 ## - ADDRESS | |
| Address | A3 Sarvodaya Enclave, Sri Aurobindo Marg, |
| City | New Delhi |
| Postal code | 110017 |
| 300 ## - PHYSICAL DESCRIPTION | |
| Extent | unpages |
| Other physical details | ill. |
| Dimensions | 26cm(Hb) |
| 500 ## - GENERAL NOTE | |
| General note | The Katha Chitrakala 2009 grand prize winner |
| 700 ## - ADDED ENTRY--PERSONAL NAME | |
| Personal name | Eipe, Rajiv |
| 9 (RLIN) | 37407 |
| 942 ## - ADDED ENTRY ELEMENTS (KOHA) | |
| Source of classification or shelving scheme | Dewey Decimal Classification |
| Item type | Children Books |
| Call number suffix | DHA |
| Withdrawn status | Lost status | Not for loan | Home library | Current library | Date acquired | Cost, normal purchase price | Full call number | Cost, replacement price | Koha item type |
|---|---|---|---|---|---|---|---|---|---|
| Ordered | Andrews Gunj | Andrews Gunj | 22/12/2011 | 295.00 | DHA | 295.00 | Children Books |
